000 00685nam a2200241 i 4500
001 C2-0253655
003 PPAK
005 20180727220955.0
008 040401s1994 my |||| ||||| | may d
040 _aPPAK
_beng
_cPPAK
_erda
082 0 4 _a297.52
_223
090 0 0 _a297.52
_bPEL
_dKK
245 0 0 _aPelajaran feqah dan tauhid (Juz 4)
264 1 _aAlor Setar, Kedah :
_bPustaka Darussalam ,
_c[1994]
300 _a68 pages ;
_c21 cm
336 _2rdacontent
_atext
337 _2rdamedia
_aunmediated
338 _2rdacarrier
_avolume
500 _aTeks dalam tulisan Jawi
650 1 0 _aPrayer - Islam
700 0 _aZakaria bin Haji Ahmad Wan Besar,
_ecompile
942 _ddc
_cB
999 _c66468
_d66468